<?xml version="1.0" encoding="UTF-8"?>
<record
    xmlns:xsi="http://www.w3.org/2001/XMLSchema-instance"
    xsi:schemaLocation="http://www.loc.gov/MARC21/slim http://www.loc.gov/standards/marcxml/schema/MARC21slim.xsd"
    xmlns="http://www.loc.gov/MARC21/slim">

  <leader>00705nam a22002537a 4500</leader>
  <controlfield tag="005">20221103164552.0</controlfield>
  <controlfield tag="008">221103b           ||||| |||| 00| 0 eng d</controlfield>
  <datafield tag="020" ind1=" " ind2=" ">
    <subfield code="a">9789391679477</subfield>
  </datafield>
  <datafield tag="040" ind1=" " ind2=" ">
    <subfield code="c">AL</subfield>
  </datafield>
  <datafield tag="041" ind1=" " ind2=" ">
    <subfield code="a">English</subfield>
  </datafield>
  <datafield tag="082" ind1=" " ind2=" ">
    <subfield code="2">23</subfield>
    <subfield code="a">657.42</subfield>
    <subfield code="b">RAVC</subfield>
  </datafield>
  <datafield tag="100" ind1=" " ind2=" ">
    <subfield code="a">Ravi M N and others</subfield>
    <subfield code="9">60971</subfield>
  </datafield>
  <datafield tag="245" ind1=" " ind2=" ">
    <subfield code="a">Cost Accounting</subfield>
  </datafield>
  <datafield tag="260" ind1=" " ind2=" ">
    <subfield code="a">Hyderabad</subfield>
    <subfield code="b">Professional Books Publisher</subfield>
    <subfield code="c">2022</subfield>
  </datafield>
  <datafield tag="300" ind1=" " ind2=" ">
    <subfield code="a">viii,334 p.</subfield>
    <subfield code="b">PB</subfield>
    <subfield code="c">24x17.5 cm.</subfield>
  </datafield>
  <datafield tag="365" ind1=" " ind2=" ">
    <subfield code="a">5313</subfield>
    <subfield code="b">&#x20B9;238.50</subfield>
    <subfield code="c">&#x20B9;</subfield>
    <subfield code="d">&#x20B9;298.00</subfield>
    <subfield code="e">20%</subfield>
    <subfield code="f">31-10-2022</subfield>
  </datafield>
  <datafield tag="650" ind1=" " ind2=" ">
    <subfield code="a">BBA</subfield>
    <subfield code="9">60922</subfield>
  </datafield>
  <datafield tag="650" ind1=" " ind2=" ">
    <subfield code="a">B.Com</subfield>
    <subfield code="9">60923</subfield>
  </datafield>
  <datafield tag="650" ind1=" " ind2=" ">
    <subfield code="a">III SEM </subfield>
    <subfield code="9">60924</subfield>
  </datafield>
  <datafield tag="650" ind1=" " ind2=" ">
    <subfield code="a">NEP</subfield>
    <subfield code="9">60972</subfield>
  </datafield>
  <datafield tag="700" ind1=" " ind2=" ">
    <subfield code="a">RAVI (M N)</subfield>
    <subfield code="9">60925</subfield>
  </datafield>
  <datafield tag="700" ind1=" " ind2=" ">
    <subfield code="a">SHETTY (Suman N)</subfield>
    <subfield code="9">60926</subfield>
  </datafield>
  <datafield tag="942" ind1=" " ind2=" ">
    <subfield code="2">ddc</subfield>
    <subfield code="c">BK</subfield>
  </datafield>
  <datafield tag="999" ind1=" " ind2=" ">
    <subfield code="c">224998</subfield>
    <subfield code="d">224998</subfield>
  </datafield>
  <datafield tag="952" ind1=" " ind2=" ">
    <subfield code="0">0</subfield>
    <subfield code="1">0</subfield>
    <subfield code="2">ddc</subfield>
    <subfield code="4">0</subfield>
    <subfield code="7">0</subfield>
    <subfield code="8">COM</subfield>
    <subfield code="a">AL</subfield>
    <subfield code="b">AL</subfield>
    <subfield code="d">2022-11-02</subfield>
    <subfield code="e">Biblios Book Point Surathkal 575014</subfield>
    <subfield code="g">238.50</subfield>
    <subfield code="l">5</subfield>
    <subfield code="m">1</subfield>
    <subfield code="o">657.42 RAVC</subfield>
    <subfield code="p">076201</subfield>
    <subfield code="r">2025-10-14 10:19:34</subfield>
    <subfield code="s">2025-06-17</subfield>
    <subfield code="v">298.00</subfield>
    <subfield code="w">2022-11-03</subfield>
    <subfield code="y">BK</subfield>
  </datafield>
  <datafield tag="952" ind1=" " ind2=" ">
    <subfield code="0">0</subfield>
    <subfield code="1">0</subfield>
    <subfield code="2">ddc</subfield>
    <subfield code="4">0</subfield>
    <subfield code="7">0</subfield>
    <subfield code="8">COM</subfield>
    <subfield code="a">AL</subfield>
    <subfield code="b">AL</subfield>
    <subfield code="d">2022-11-02</subfield>
    <subfield code="e">Biblios Book Point Surathkal 575014</subfield>
    <subfield code="g">238.50</subfield>
    <subfield code="l">3</subfield>
    <subfield code="o">657.42 RAVC</subfield>
    <subfield code="p">076202</subfield>
    <subfield code="r">2025-10-14 14:40:09</subfield>
    <subfield code="s">2025-06-17</subfield>
    <subfield code="v">298.00</subfield>
    <subfield code="w">2022-11-03</subfield>
    <subfield code="y">BK</subfield>
  </datafield>
</record>
